La muerte del camaleón: La Democracia Cristiana chilena y su descomposición. Jacques Maritain, Eduardo Frei Montalva y el populismo cristiano

Saved in:
Bibliographic Details
Main Author: Farías, Víctor (Author)
Format: Book
Language:Spanish
Published: Santiago Maye 2008
Edition:1a. ed
Subjects:
Tags: Add Tag
No Tags, Be the first to tag this record!

MARC

LEADER 00000nam a2200000 a 4500
001 UCH2455
003 CL-VaPUC
008 090611e20081100CL |||||||||||||||||spa|d
020 |a 9789568433208 
082 0 4 |a 324.283  |b FAR  |2 21 
100 0 |a Farías, Víctor  |e author  |9 537284 
245 1 3 |a La muerte del camaleón: La Democracia Cristiana chilena y su descomposición. Jacques Maritain, Eduardo Frei Montalva y el populismo cristiano 
250 |a 1a. ed 
300 |a 260 p 
942 |c BK 
945 |d 20090611 00:00:00  |a dcastane 
260 |a Santiago  |b Maye  |c 2008 
650 0 |a Partido Demócrata Cristiano  |9 255585 
650 0 |a Partidos políticos  |9 254999 
650 7 |a POLITICA NACIONAL  |2 CL-VaPUC  |9 349430 
650 0 |a Política internacional  |9 255813 
650 7 |a GOBIERNO DEMOCRATA  |2 CL-VaPUC  |9 537285 
651 7 |a CHILE  |2 CL-VaPUC  |9 537286 
583 |a last modification  |c 20090611 00:00:00  |k Rodrigo Vera 
999 |c 334195  |d 334193 
952 |0 0  |1 0  |4 0  |6 324_283000000000000_FAR_2008  |7 0  |8 A  |9 423035  |a BIBHIS  |b BIBHIS  |d 2019-11-22  |i 4560639  |o 324.283 FAR 2008  |p 4560639  |r 2025-01-20  |w 2019-11-22  |y BK  |k HIS